<?xml version="1.0" encoding="UTF-8"?><?xml-stylesheet type="text/xsl" href="static/style.xsl"?><OAI-PMH xmlns="http://www.openarchives.org/OAI/2.0/" xmlns:xsi="http://www.w3.org/2001/XMLSchema-instance" xsi:schemaLocation="http://www.openarchives.org/OAI/2.0/ http://www.openarchives.org/OAI/2.0/OAI-PMH.xsd"><responseDate>2026-04-14T03:58:52Z</responseDate><request verb="GetRecord" identifier="oai:www.recercat.cat:10230/47094" metadataPrefix="marc">https://recercat.cat/oai/request</request><GetRecord><record><header><identifier>oai:recercat.cat:10230/47094</identifier><datestamp>2025-12-24T08:50:02Z</datestamp><setSpec>com_2072_6</setSpec><setSpec>col_2072_452952</setSpec></header><metadata><record xmlns="http://www.loc.gov/MARC21/slim" xmlns:dcterms="http://purl.org/dc/terms/" xmlns:xsi="http://www.w3.org/2001/XMLSchema-instance" xmlns:doc="http://www.lyncode.com/xoai" xsi:schemaLocation="http://www.loc.gov/MARC21/slim http://www.loc.gov/standards/marcxml/schema/MARC21slim.xsd">
   <leader>00925njm 22002777a 4500</leader>
   <datafield ind2=" " ind1=" " tag="042">
      <subfield code="a">dc</subfield>
   </datafield>
   <datafield ind2=" " ind1=" " tag="720">
      <subfield code="a">Verd, Joan Miquel</subfield>
      <subfield code="e">author</subfield>
   </datafield>
   <datafield ind2=" " ind1=" " tag="720">
      <subfield code="a">Barranco, Oriol</subfield>
      <subfield code="e">author</subfield>
   </datafield>
   <datafield ind2=" " ind1=" " tag="720">
      <subfield code="a">Bolíbar, Mireia</subfield>
      <subfield code="e">author</subfield>
   </datafield>
   <datafield ind2=" " ind1=" " tag="260">
      <subfield code="c">2021-04-13T07:52:12Z</subfield>
   </datafield>
   <datafield ind2=" " ind1=" " tag="260">
      <subfield code="c">2021-04-13T07:52:12Z</subfield>
   </datafield>
   <datafield ind2=" " ind1=" " tag="260">
      <subfield code="c">2019</subfield>
   </datafield>
   <datafield ind2=" " ind1=" " tag="520">
      <subfield code="a">Since the beginning of the recession period in Europe, unemployment has greatly affected the young adult population. In this context, Spain is regarded as an extreme case, due to its exceptionally high youth unemployment rates. This article seeks to identify the determinants that have led certain groups of Spanish young people to suffer labour market trajectories with higher levels of unemployment and instability during the Great Recession than others. To do this, retrospective data from the 2012 Catalan Youth Survey are used. With these data and using cluster analysis, a typology of labour market trajectories is constructed. Next, multinomial logistic regressions are used to identify what individual socio-demographic characteristics and pre-crisis employment experiences are connected to these different typological career paths. Results show that the highly differentiated career paths are associated with different social profiles and differences in the presence of unemployment. Moreover, interesting differences among the most unstable career paths appear. For the most vulnerable social profiles the employment trajectory prior to the crisis seems to point towards the existence of an entrapment in low-skilled jobs that alternate with situations of unemployment. For those with a slightly better position their employment situation after the initiation of the crisis seems to have been impacted by their brief labour market trajectory before the crisis and their resulting work experience gap.</subfield>
   </datafield>
   <datafield ind2=" " ind1=" " tag="520">
      <subfield code="a">We would like to thank the Catalan Youth Observatory for letting us use the data from the Catalan Youth Survey 2012. We would particularly like to thank Pau Serracant for his help and for encouraging us to send our study to the Journal of Labour Market Research in response to their call for research on Youth unemployment in Europe. We are also grateful to two anonymous referees for their comments, which enabled us to greatly improve the quality of our paper. It goes without saying that any errors in this article are the sole responsibility of the authors.</subfield>
   </datafield>
   <datafield tag="653" ind2=" " ind1=" ">
      <subfield code="a">Spain</subfield>
   </datafield>
   <datafield tag="653" ind2=" " ind1=" ">
      <subfield code="a">Unemployment</subfield>
   </datafield>
   <datafield tag="653" ind2=" " ind1=" ">
      <subfield code="a">Great Recession</subfield>
   </datafield>
   <datafield tag="653" ind2=" " ind1=" ">
      <subfield code="a">Youth</subfield>
   </datafield>
   <datafield tag="653" ind2=" " ind1=" ">
      <subfield code="a">Labour markets</subfield>
   </datafield>
   <datafield tag="653" ind2=" " ind1=" ">
      <subfield code="a">Employment trajectories</subfield>
   </datafield>
   <datafield ind2="0" ind1="0" tag="245">
      <subfield code="a">Youth unemployment and employment trajectories in Spain during the Great Recession: what are the determinants?</subfield>
   </datafield>
</record></metadata></record></GetRecord></OAI-PMH>